000 00868cam a2200205 4500
001 WB3728-23
008 010719n2001 000 0 eng u
035 _a(Sirsi) u113713
245 _aTough guidance for flood risk development
260 _c2001
490 _aDTLR News Release
_v(326) 17 July 2001, (2)
520 _aGovernment has published comprehensive new planning guidance directing development away from flood risk areas. Planning Policy Guidance Note (PPG) 25 on development and flood risk could help save £30,000 for each home built in a low-risk area instead of a high-risk area, each time flooding occurs.
590 _aWB
650 _aBUILDING DEVELOPMENT
650 _aFLOOD RISK AREAS
650 _aPPG25
650 _aPLANNING POLICY GUIDANCE NOTES
690 _aENVIRONMENTAL AND LAND CONSULTANCY-PLANNING AND DEVELOPMENT
942 _n0
999 _c67751
_d67751